[Rezension von: Lukas Fuchsgruber, Das Spektakel der Auktion. Die Gründung des Hôtel Drouot und die Entwicklung des Pariser Kunstmarkts im 19. Jahrhundert]
Saved in:
| Published in: | Regards croisés 13(2023), Seite 120-122 |
|---|---|
| Main Author: | |
| Document Type: | Online Resource Article |
| Language: | French |
| Published: |
2023
|
| Subjects: | |
| Online Access: | kostenfrei kostenfrei |
| Related Items: | Enthalten in:
Regards croisés Rezension von: Das Spektakel der Auktion |
| Author Notes: | Margaux Dumas |
| LEADER | 02103caa a2200409 c 4500 | ||
|---|---|---|---|
| 001 | 1882979885 | ||
| 003 | DE-627 | ||
| 005 | 20260511171611.0 | ||
| 007 | cr uuu---uuuuu | ||
| 008 | 240308s2023 xx |||||oo 00| ||fre c | ||
| 024 | 7 | |a 10.57732/rc.2023.1.102673 |2 doi | |
| 035 | |a (DE-627)1882979885 | ||
| 035 | |a (DE-599)KXP1882979885 | ||
| 035 | |a (OCoLC)1533747235 | ||
| 040 | |a DE-627 |b ger |c DE-627 |e rda | ||
| 041 | |a fre | ||
| 084 | |a KUNST |q DE-16 |2 fid | ||
| 100 | 1 | |a Dumas, Margaux |e VerfasserIn |0 (DE-588)1272435547 |0 (DE-627)1821536223 |4 aut | |
| 245 | 1 | 0 | |a [Rezension von: Lukas Fuchsgruber, Das Spektakel der Auktion. Die Gründung des Hôtel Drouot und die Entwicklung des Pariser Kunstmarkts im 19. Jahrhundert] |c Margaux Dumas |
| 264 | 1 | |c 2023 | |
| 300 | |b Illustrationen | ||
| 336 | |a Text |b txt |2 rdacontent | ||
| 337 | |a Computermedien |b c |2 rdamedia | ||
| 338 | |a Online-Ressource |b cr |2 rdacarrier | ||
| 583 | 1 | |a Archivierung/Langzeitarchivierung gewährleistet |f FID |x XA-DE-BW |2 pdager |5 DE-16 | |
| 655 | 7 | |a Rezension |0 (DE-588)4049712-4 |0 (DE-627)106186019 |0 (DE-576)209083166 |2 gnd-content | |
| 773 | 0 | 8 | |i Enthalten in |t Regards croisés |d Paris : Institut National d’Histoire de l’Art, 2013 |g 13(2023), Seite 120-122 |h Online-Ressource |w (DE-627)832785571 |w (DE-600)2830060-9 |w (DE-576)442942508 |x 2509-4750 |7 nnas |
| 773 | 1 | 8 | |g volume:13 |g year:2023 |g pages:120-122 |
| 787 | 0 | 8 | |i Rezension von |a Fuchsgruber, Lukas |t Das Spektakel der Auktion |d Paris : Deutsches Forum für Kunstgeschichte, 2020 |h 225 Seiten |w (DE-627)1698206844 |z 9783035803495 |z 9782735127030 |
| 856 | 4 | 0 | |u https://doi.org/10.57732/rc.2023.1.102673 |x Verlag |x Resolving-System |z kostenfrei |3 Volltext |7 0 |
| 856 | 4 | 0 | |u https://journals.ub.uni-heidelberg.de/index.php/rc/article/view/102673 |x Verlag |z kostenfrei |3 Volltext |7 0 |
| 912 | |a ZDB-282-AAE-article | ||
| 951 | |a AR | ||
| 994 | |u https://ahnp.ub.uni-heidelberg.de/journals/rc/article/view/102673 | ||
| 994 | |u https://ahnp.ub.uni-heidelberg.de/journals/rc/article/view/102673 | ||
| 991 | |a Rezension (Monographie, Zeitschrift, Aufsatz) | ||
| 999 | |a KXP-PPN1882979885 |e 4967447708 | ||


